000 00606cam a2200217 4500
001 3120622
005 20180104082912.0
008 681118s1968 kyuab b 000 0 eng
010 _a 68012966
040 _aDLC
_cDLC
_dDLC
_dOCoLC
041 _aeng
043 _an-usa--
080 _a301.32975 GOR
082 0 0 _a301.32975 GOR
100 1 _a51
101 _aSOC
245 1 0 _aAppalachian fertility decline;
_c[by] Gordon F. DeJong.
504 _aBibliographical footnotes.
906 _a7
_bcbc
_corignew
_du
_encip
_f19
_gy-gencatlg
942 _2ddc
_cBK
999 _c39758
_d39758